00801nam a2200217Ia 4500003000900000008004100009040001600050080002800066245011300094260003500207300001300242490002200255650002900277650005100306650001900357700003300376700002300409942000700432999001500439952012900454IN-BaIIA211028s9999 xx 000 0 eng d cIIA Library a537.59(047.1)bPRO-VIII 0aProgress in elementary particle and cosmic ray physicsbvol. viicedited by J.G. Wilson and S.A. Wouthuysen. aAmsterdombNorth-Hollandc1965 ax, 393p. aSeries in physics aCosmic ray physics92919 aElementary particle physics interactions94731 aNASA Thesaurus a Wouthuysen, S.A. ed.94732 aWilson, J. G., ed. cBK c2654d2654 00104070aBANbBANcGENd0000-00-00g60.75l0o537.59(047.1)/ PRO-VIIIp2961r2021-11-05v60.75w0000-00-00yBKGRs. 60.75